000 00613nam a2200229Ia 4500
003 OSt
005 20221007072418.0
006 a|||||r|||| 00| 0
007 ta
008 221006b |||||||| |||| 00| 0 eng d
024 _a19,678
037 _cTextual
040 _aFLL
_cFLL
_beng
041 _2eng
_aeng
082 _aZ1:9591, K0
100 _aSchafer S. Au.
_9685300
245 0 _aRestitution to victims of crime
260 _aLondon
_bStevens and sons limited England
_c1960
300 _a130p
_ccm.
942 _hZ1:9591, K0
_cTEXL
_2CC
999 _c1146000
_d1146000